Statistics for All FIFA Members - FIFA Country Codes

Click here to take the quiz!

General Stats

  • This quiz has been taken 873 times
    (681 since last reset)
  • The average score is 112 of 211

Answer Stats

Answer% Correct
England (ENG)
86%
Belgium (BEL)
85%
Germany (GER)
85%
Australia (AUS)
84%
France (FRA)
84%
Chile (CHI)
83%
Portugal (POR)
83%
Scotland (SCO)
82%
Argentina (ARG)
81%
Brazil (BRA)
81%
Russia (RUS)
81%
Sweden (SWE)
81%
United States (USA)
81%
Finland (FIN)
80%
Norway (NOR)
80%
Wales (WAL)
78%
Canada (CAN)
77%
Colombia (COL)
77%
Greece (GRE)
77%
Venezuela (VEN)
77%
Ecuador (ECU)
76%
India (IND)
76%
Italy (ITA)
76%
Mexico (MEX)
76%
Denmark (DEN)
75%
Peru (PER)
75%
Turkey (TUR)
75%
Uruguay (URU)
75%
Paraguay (PAR)
74%
Luxembourg (LUX)
73%
Northern Ireland (NIR)
73%
Poland (POL)
73%
Spain (ESP)
73%
Albania (ALB)
72%
Andorra (AND)
72%
Bolivia (BOL)
72%
Croatia (CRO)
72%
Egypt (EGY)
72%
Estonia (EST)
72%
Ukraine (UKR)
72%
Algeria (ALG)
71%
Bahamas (BAH)
71%
Honduras (HON)
70%
Kazakhstan (KAZ)
70%
Hungary (HUN)
69%
Afghanistan (AFG)
68%
Armenia (ARM)
68%
Bulgaria (BUL)
68%
Czech Republic (CZE)
68%
Panama (PAN)
68%
Cambodia (CAM)
67%
Niger (NIG)
67%
Azerbaijan (AZE)
66%
Guatemala (GUA)
66%
Iran (IRN)
65%
Israel (ISR)
65%
Angola (ANG)
64%
Austria (AUT)
64%
Georgia (GEO)
64%
Iraq (IRQ)
64%
Lebanon (LIB)
64%
Oman (OMA)
64%
Qatar (QAT)
64%
Liechtenstein (LIE)
63%
Pakistan (PAK)
63%
Cuba (CUB)
62%
Korea Republic (KOR)
62%
Morocco (MAR)
62%
New Zealand (NZL)
62%
Republic of Ireland (IRL)
62%
Vietnam (VIE)
62%
Japan (JPN)
61%
Suriname (SUR)
61%
Tunisia (TUN)
61%
Yemen (YEM)
61%
Cyprus (CYP)
60%
Ghana (GHA)
60%
Jamaica (JAM)
60%
Samoa (SAM)
60%
Senegal (SEN)
60%
Bhutan (BHU)
59%
Dominican Republic (DOM)
59%
El Salvador (SLV)
59%
Guyana (GUY)
59%
Macau (MAC)
59%
Serbia (SRB)
59%
Thailand (THA)
59%
Uzbekistan (UZB)
59%
Chad (CHA)
58%
Fiji (FIJ)
58%
Haiti (HAI)
58%
Laos (LAO)
58%
Netherlands (NED)
58%
Jordan (JOR)
57%
Somalia (SOM)
57%
Brunei (BRU)
56%
Ethiopia (ETH)
56%
Madagascar (MAD)
56%
Nepal (NEP)
56%
Syria (SYR)
56%
United Arab Emirates (UAE)
56%
Kenya (KEN)
55%
Slovakia (SVK)
55%
Trinidad and Tobago (TRI)
55%
Zimbabwe (ZIM)
55%
China PR (CHN)
54%
Gibraltar (GIB)
54%
Tanzania (TAN)
54%
Togo (TOG)
54%
Zambia (ZAM)
54%
Bangladesh (BAN)
53%
Belarus (BLR)
53%
Guinea (GUI)
53%
Kuwait (KUW)
53%
Malta (MLT)
53%
Myanmar (MYA)
53%
Namibia (NAM)
52%
Singapore (SIN)
52%
Belize (BLZ)
51%
Botswana (BOT)
51%
Eritrea (ERI)
51%
Iceland (ISL)
51%
Philippines (PHI)
51%
Solomon Islands (SOL)
51%
Sri Lanka (SRI)
51%
Vanuatu (VAN)
51%
Benin (BEN)
50%
Djibouti (DJI)
50%
Lesotho (LES)
49%
Uganda (UGA)
49%
Comoros (COM)
48%
Costa Rica (CRC)
48%
Gambia (GAM)
48%
Mozambique (MOZ)
48%
Saudi Arabia (KSA)
48%
Switzerland (SUI)
48%
Maldives (MDV)
47%
Nigeria (NGA)
47%
Gabon (GAB)
46%
Mali (MLI)
46%
Rwanda (RWA)
46%
San Marino (SMR)
46%
Slovenia (SVN)
46%
Sudan (SDN)
46%
Mongolia (MNG)
45%
Papua New Guinea (PNG)
45%
Bahrain (BHR)
44%
Tajikistan (TJK)
44%
Bosnia-Herzegovina (BIH)
43%
Seychelles (SEY)
43%
Turkmenistan (TKM)
43%
Eswatini (SWZ)
42%
South Africa (RSA)
42%
Cameroon (CMR)
41%
Ivory Coast (CIV)
41%
Latvia (LVA)
41%
Equatorial Guinea (EQG)
40%
Indonesia (IDN)
39%
Tonga (TGA)
39%
Korea DPR (PRK)
38%
Nicaragua (NCA)
38%
Libya (LBY)
37%
Tahiti (TAH)
37%
Aruba (ARU)
36%
Faroe Islands (FRO)
36%
Lithuania (LTU)
36%
American Samoa (ASA)
35%
Bermuda (BER)
35%
Hong Kong (HKG)
35%
Kyrgyzstan (KGZ)
35%
Liberia (LBR)
35%
Malaysia (MAS)
35%
Saint Kitts and Nevis (SKN)
35%
South Sudan (SSD)
35%
Malawi (MWI)
34%
Mauritania (MTN)
34%
Sierra Leone (SLE)
34%
Grenada (GRN)
33%
Moldova (MDA)
33%
Barbados (BRB)
32%
Saint Vincent and the Grenadines (VIN)
32%
Sao Tome and Principe (STP)
32%
Burkina Faso (BFA)
31%
Cape Verde (CPV)
31%
Congo (CGO)
31%
Cayman Islands (CAY)
30%
Romania (ROU)
30%
Burundi (BDI)
29%
Cook Islands (COK)
28%
FYR Macedonia (MKD)
28%
Guam (GUM)
28%
Montenegro (MNE)
28%
New Caledonia (NCL)
28%
U.S. Virgin Islands (VIR)
28%
Chinese Taipei (TPE)
27%
Dominica (DMA)
27%
Puerto Rico (PUR)
27%
Palestine (PLE)
25%
Antigua and Barbuda (ATG)
24%
Saint Lucia (LCA)
24%
Central African Republic (CTA)
22%
Mauritius (MRI)
22%
Timor-Leste (TLS)
21%
Guinea-Bissau (GNB)
20%
Anguilla (AIA)
19%
Congo DR (COD)
19%
Turks and Caicos Islands (TCA)
19%
Montserrat (MSR)
18%
Kosovo (KVX)
17%
Curacao (CUW)
15%
British Virgin Islands (VGB)
13%

Score Distribution

Percentile by Number Answered

Percent of People with Each Score

Your Score History

You have not taken this quiz since the last reset